1759 1326 1152 1116 1567 1598 1533 1439 1824 1553 1203 1529 1493 1858 1062 1639 1249 1362 1885 1676 1749 1037 1247 1246 1520 1948 1047 1086 1766 1385 1202 1649 1989 1854 1489 1324 1804 1519 1839 1121 1564 1082 1546 1152 1112 1139 1561 1765 1799 1421 1147 1526 1107 1001 1810 1304 1191 1985 1555 1048 1674 1981 1976 1783 1363 1062 1950 1462 1632 1002 1587 1816 1694 1516 1937 1915 1753 1845 1640 1502 1832 1515 1152 1840 1441 1226 1149 1806 1842 1091 1886 1389 1902 1366 1862 1546 1433 1475 1037 BCNSPRNW ULIB Ver.6.0+V

เปลี่ยนเป็นภาษาไทย

Change to English
 แสดงรายละเอียดบรรณานุกรม
  กลับหน้าหลัก

Brief Record : Get Marc (ISO 2709) : E-mail record : QR code < ปิดหน้าต่าง
LEADER : 00000nam 2200000uu 4500
001    13399128952
003     ULIB
008    241101s2565||||th 000 0 tha d
020    ^a9786169395201
060 04 ^aWM401^bก488
110 1  ^aสมาคมอีเอ็มดีอาร์ ประเทศไทย
245 00 ^aการปฐมพยาบาลทางใจ :^bPSYCHOLOGICAL FIRST AID/^cสมาคมอีเอ็มดีอาร์ ประเทศไทย
260    ^aกรุงเทพฯ :^bสมาคมอีเอ็มดีอาร์ ประเทศไทย,^c2565
300    ^a57 p.:^bill. ;^c19cm
650  2 ^aFrist Aid^xpsychology
650  2 ^aEmergency Medical Services
650  2 ^aDisasters
945    ^p180^l0^i30352
945    ^p180^l0^i30353
945    ^p180^l0^i30354
999    ^aกัณชพร จุลอักษร
รายการนี้ยังไม่มีแท็ก
คุณยังไม่ได้ล็อกอิน คุณสามารถมีกิจกรรมร่วมกับเว็บไซต์ได้ แต่ต้องล็อกอินก่อน ::
  ล็อกอิน

รายการสื่อสารสนเทศ

ลำดับที่ ประเภท เลขเรียก/บาร์โค้ด สถานที่ สถานะ
1. หนังสือสำรอง
หนังสือสำรอง
WM401 ก488 ฉ.1 
  Barcode: 30352
ห้องสมุดวิทยาเขตนครสวรรค์
►หนังสือทั่วไป:l:General Books
บนชั้น
2. วิทยาศาสตร์การแพทย์ และสุขภาพ
วิทยาศาสตร์การแพทย์ และสุขภาพ
WM401 ก488 ฉ.2 
  Barcode: 30353
ห้องสมุดวิทยาเขตนครสวรรค์
►หนังสือทั่วไป:l:General Books
บนชั้น
3. วิทยาศาสตร์การแพทย์ และสุขภาพ
วิทยาศาสตร์การแพทย์ และสุขภาพ
WM401 ก488 ฉ.3 
  Barcode: 30354
ห้องสมุดวิทยาเขตนครสวรรค์
►หนังสือทั่วไป:l:General Books
บนชั้น

รายการใกล้เคียง
    หัวเรื่อง [Emergency Medical Services]
    หัวเรื่อง [Disasters]

BibComment


ยังไม่เคยถูกคอมเมนท์

คอมเมนท์ทรัพยากรรายการนี้
  คอมเมนท์: การปฐมพยาบาลทางใ..


 Copyright 2026. Bcnsprnw @Library